000 00275nam a22001217a 4500
008 180519b xxu||||| |||| 00| 0 eng d
041 _aeng
080 _a043.3
100 _a0
101 _aMBE-BA
245 _aTregu dhe Funksioni i Tregut
_cLlugaxhija, E
942 _2udc
_cBK
999 _c46030
_d46030